Loading...
| Fine Arts - Painting and Sculpture | 0 | 9 | 0 | 2 | 90 | 48 | 78.56 | 3 | 7 | 0.00 | 0.00 |
| Philosophy | 0 | 5 | 0 | 0 | 50 | 17 | 37.20 | 4 | 5 | 0.00 | 0.00 |
| Fine Arts - Other | 0 | 4 | 0 | 1 | 40 | 75 | 80.50 | 0 | 4 | 0.00 | 0.00 |
| Literature - American | 0 | 3 | 0 | 0 | 30 | 24 | 55.00 | 2 | 3 | 0.00 | 0.00 |
| Popular Culture | 0 | 3 | 0 | 1 | 30 | 12 | 73.33 | 0 | 1 | 0.00 | 0.00 |
| Literature - World | 0 | 3 | 1 | 1 | 25 | 88 | 98.33 | 0 | 0 | 0.00 | 0.00 |
| Social Science | 0 | 2 | 0 | 0 | 20 | 37 | 63.50 | 0 | 1 | 0.00 | 0.00 |
| Religion | 0 | 2 | 0 | 0 | 20 | 68 | 71.00 | 0 | 2 | 0.00 | 0.00 |
| Science - Biology | 0 | 2 | 0 | 1 | 20 | 55 | 83.50 | 0 | 1 | 0.00 | 0.00 |
| Science - Physics | 0 | 2 | 0 | 0 | 20 | 57 | 63.00 | 1 | 2 | 0.00 | 0.00 |
| Literature - British | 0 | 2 | 1 | 1 | 15 | 60 | 78.00 | 0 | 1 | 0.00 | 0.00 |
| Science - Other | 0 | 2 | 1 | 1 | 15 | 67 | 90.50 | 0 | 1 | 0.00 | 0.00 |
| History - Other | 0 | 1 | 0 | 0 | 10 | 93 | 93.00 | 0 | 0 | 0.00 | 0.00 |
| Geography | 0 | 1 | 0 | 0 | 10 | 14 | 14.00 | 0 | 1 | 0.00 | 0.00 |
| Mythology | 0 | 1 | 1 | 1 | 5 | 114 | 114.00 | 0 | 0 | 0.00 | 0.00 |
| Literature - European | 0 | 1 | 1 | 1 | 5 | 120 | 120.00 | 0 | 0 | 0.00 | 0.00 |
| Fine Arts - Classical Music | 0 | 1 | 2 | 0 | 0 | 36 | 36.00 | 1 | 1 | 0.00 | 0.00 |
| History - European | 0 | 0 | 1 | 0 | -5 | 0.00 | 0 | 0 | 0.00 | 0.00 |